Christmas Click - Statistics

General Stats
  • This quiz has been taken 32 times
  • The average score is 12 of 14
Answers on the Grid
Answers color-coded by a green-red scale on the quiz's grid according to % correct below.
Christmas tree
Green
Green
Green
Green
Green
Green
Green
Green
Green
Green
JSAG had more than 1 mil subs on YT
Lime
Maroon
Muscat is the capital of Yemen
Red
Red
Red
Red
Red
Red
Red
Red
Red
Red
Regular color of a bow
Regular color of a wreath
Timphu is the capital of Bhutan
Tree
Zi8gzag had more than 1 mil subs on YT
 
Answer Stats
Answer % Correct
Red
100%
Red
100%
Red
100%
Red
100%
Red
100%
Red
100%
Red
100%
Red
100%
Red
100%
Red
100%
Regular color of a bow
72%
Maroon
68%
JSAG had more than 1 mil subs on YT
20%
Timphu is the capital of Bhutan
12%
No matching quizzes found
Score Distribution
Percent of People with Each Score
Percentile by Number Answered
Your Score History
You have not taken this quiz